Unusual animals by photo - Statistics

General Stats
  • This quiz has been taken 53 times
  • The average score is 7 of 16
Answer Stats
Picture Answer % Correct
Platypus
95%
Hammerhead shark
89%
Axolotl
68%
Echidna
66%
Blobfish
64%
Mandrill
61%
Naked mole rat
61%
Amazon river dolphin
55%
Rhea
39%
Tardigrade
39%
Basilisk
20%
Numbat
20%
Batfish
16%
Siphonophore
11%
Sarcastic fringehead
9%
Barreleye fish
5%
No matching quizzes found
Score Distribution
Percent of People with Each Score
Percentile by Number Answered
Your Score History
You have not taken this quiz